The noble scholar, jurist, historian


 His Excellency Dr. Abdul Wahhab bin Ibrahim Abu Sulaiman, may Allah have mercy on him.


 He was born in Umm Al-Qura in the year 1356 AH.

رؤوس المسائل الخلافية بين جمهور الفقهاء / (Record no. 411)

MARC details
000 -LEADER
fixed length control field 01543cam a22003011ia4500
003 - CONTROL NUMBER IDENTIFIER
control field SA-RiAUC
005 - DATE AND TIME OF LATEST TRANSACTION
control field 20240921120500.0
008 - FIXED-LENGTH DATA ELEMENTS--GENERAL INFORMATION
fixed length control field 240917s2001 su f 000 0 ara c
020 ## - INTERNATIONAL STANDARD BOOK NUMBER
International Standard Book Number 9960862070
040 ## - CATALOGING SOURCE
Original cataloging agency JO-AmJU
Language of cataloging ara
Transcribing agency SA-RiAUC
Description conventions rda
082 ## - DEWEY DECIMAL CLASSIFICATION NUMBER
Classification number 257.136
090 ## - LOCALLY ASSIGNED LC-TYPE CALL NUMBER (OCLC); LOCAL CALL NUMBER (RLIN)
Classification number (OCLC) (R) ; Classification number, CALL (RLIN) (NR) 257.136
Local cutter number (OCLC) ; Book number/undivided call number, CALL (RLIN) ع ك ب
100 1# - MAIN ENTRY--PERSONAL NAME
Personal name العكبري، عبد الله بن الحسين بن عبد الله،
Dates associated with a name 538-616 هجري
Relator term مؤلف.
245 10 - TITLE STATEMENT
Title رؤوس المسائل الخلافية بين جمهور الفقهاء /
Statement of responsibility, etc. أبو المواهب الحسين بن محمد العكبري الحنبلي ؛ تحقيق خالد بن سعد فهد الخشلان، ناصر بن سعود السلامة.
250 ## - EDITION STATEMENT
Edition statement الطبعة الأولى.
264 #1 - PRODUCTION, PUBLICATION, DISTRIBUTION, MANUFACTURE, AND COPYRIGHT NOTICE
Place of production, publication, distribution, manufacture الرياض :
Name of producer, publisher, distributor, manufacturer دار إشبيليا للنشر والتوزيع،
Date of production, publication, distribution, manufacture, or copyright notice 2001
300 ## - PHYSICAL DESCRIPTION
Extent 6 مجلد ؛
Dimensions 24 سم
336 ## - CONTENT TYPE
Content type term نص
Content type code txt
Source rdacontent
Materials specified كتاب
337 ## - MEDIA TYPE
Media type term بدون وسيط
Media type code n
Source rdamedia
338 ## - CARRIER TYPE
Carrier type term مجلد
Carrier type code nc
Source rdacarrier
500 ## - GENERAL NOTE
General note الأصل أطروحة دكتوراه.
650 #7 - SUBJECT ADDED ENTRY--TOPICAL TERM
Topical term or geographic name entry element الفقه الإسلامي
General subdivision مذاهب
Source of heading or term aucsh
700 1# - ADDED ENTRY--PERSONAL NAME
Personal name الخشلان، خالد بن سعد بن فهد،
Dates associated with a name 1382 هجري-
Relator term محقق.
700 1# - ADDED ENTRY--PERSONAL NAME
Personal name السلامة، ناصر بن سعود بن عبد الله،
Dates associated with a name 1385 هجري-
Relator term محقق.
700 12 - ADDED ENTRY--PERSONAL NAME
Relationship information تحقيق لـ (عمل) :
Personal name العكبري، عبد الله بن الحسين بن عبد الله،
Dates associated with a name 538-616 هجري.
Title of a work شرح لامية العرب
942 ## - ADDED ENTRY ELEMENTS (KOHA)
Source of classification or shelving scheme Dewey Decimal Classification
Koha item type Books
949 ## - LOCAL PROCESSING INFORMATION (OCLC)
a SA-JeALM
d 240917
u mohamedma123
n 1
Holdings
Withdrawn status Lost status Source of classification or shelving scheme Materials specified (bound volume or other part) Damaged status Not for loan Home library Current library Date acquired Total checkouts Full call number Barcode Date last seen Price effective from Koha item type
    Dewey Decimal Classification المجلد الثالث     DR AbdElwahab Library DR AbdElwahab Library 09/21/2024   257.136 ع ك ب 000000600 09/21/2024 09/21/2024 Books
    Dewey Decimal Classification المجلد الرابع     DR AbdElwahab Library DR AbdElwahab Library 09/21/2024   257.136 ع ك ب 000000601 09/21/2024 09/21/2024 Books
    Dewey Decimal Classification المجلد الخامس     DR AbdElwahab Library DR AbdElwahab Library 09/21/2024   257.136 ع ك ب 000000602 09/21/2024 09/21/2024 Books
    Dewey Decimal Classification المجلد السادس     DR AbdElwahab Library DR AbdElwahab Library 09/21/2024   257.136 ع ك ب 000000603 09/21/2024 09/21/2024 Books
    Dewey Decimal Classification المجلد الاول     DR AbdElwahab Library DR AbdElwahab Library 12/25/2024   257.136 ع ك ب 000006295 12/25/2024 12/25/2024 Books
    Dewey Decimal Classification المجلد الثاني     DR AbdElwahab Library DR AbdElwahab Library 12/25/2024   257.136 ع ك ب 000006296 12/25/2024 12/25/2024 Books